000 00419nam a2200157Ia 4500
005 20250704012332.0
008 240331s9999 xx 000 0 und d
020 _a9558383104
082 _bTEN
_a954
100 _aTenant,E
245 0 _aEmarsonTenant asuu dutu lankawa
260 _aColombo
_bNational Library and Documentation serives Board
_c2001
300 _a119 p .,
650 _aSri Lanka - History
942 _cL
999 _c5307
_d5307